| 000 | 00660nam a2200193 a 4500 | ||
|---|---|---|---|
| 001 | 000029582 | ||
| 003 | AM-YEHGA | ||
| 005 | 20250618070928.0 | ||
| 008 | 981112s1977 ai | |||||||||||||arm d | ||
| 040 | _aAM-YeHGA | ||
| 041 | 0 | _aarm | |
| 100 | 1 |
_aՀակոբյան, Թադևոս Խաչատուրի, _d1917-1989 _91216 |
|
| 245 | 1 | 0 |
_aՍովետական Հայաստանի քաղաքները : _b(Ակնարկներ) / _cԹ.Խ. Հակոբյան. |
| 260 |
_aԵրևան : _bՀայաստան, _c1977. |
||
| 300 |
_a229 էջ : _b[8] թ. ներդիր, քարտեզ ; _c20 սմ. |
||
| 650 | 1 | 4 | _aՀայոց պատմություն |
| 942 |
_2udc _cBK |
||
| 090 | _c13478 | ||
| 999 |
_c13374 _d13374 |
||